| 000 | 00910nam a2200205 a 4500 | ||
|---|---|---|---|
| 001 | ASIN9692884295 | ||
| 005 | 20170105102936.0 | ||
| 008 | 151015s2015 xxu eng d | ||
| 020 | _a9692884295 (hardcover) | ||
| 020 | _a9789692884297 (hardcover) | ||
| 040 | _a0 | ||
| 082 |
_a355.8251190954 _bALI 1987 |
||
| 100 | 1 | _aAli, Akhtar. | |
| 245 | 1 | 0 |
_aSouth asia : _bnuclear stalemate or conflagration / _cAkhtar Ali. |
| 300 | _a238 p. | ||
| 520 | _aSouth Asia: Nuclear Stalemate Or Conflagration by Akhtar Ali. | ||
| 650 | _aNuclear Energy in Pakistan Status and prospects, India’s Nuclear Policy: Influence and Constraints, Pakistan’s Nuclear prospective: Posture and pressure, Cerebral Defence, Ballistic Missile Defence, Borrowed Deterrence: A Nuclear Umbrella, Nuclear Deterrence | ||
| 856 | 4 | 0 |
_3Amazon.com _uhttp://www.amazon.com/exec/obidos/ASIN/9692884295/chopaconline-20 |
| 942 |
_2ddc _cBK |
||
| 999 |
_c16253 _d16253 |
||